000
00298nam a2200109Ia 4500
008
200302s9999 xx 000 0 und d
100
_a
Not Known
245
_a
Korean Architectural Perspectivists Annual 1997
260
_b
Korea Architectural Perspectular Association
260
_c
1997
300
_a
254
999
_c
4737
_d
4737